League of Legends - DoT (A-J) - Statistics

General Stats
  • This quiz has been taken 100 times
  • The average score is 2 of 14
Answers on the Grid
Answers color-coded by a green-red scale on the quiz's grid according to % correct below.
Aatrox
Ahri
Akali
Akshan
Alistar
Ambessa
Amumu
Anivia
Annie
Aphelios
Ashe
Aurelion Sol
Aurora
Azir
Bard
Bel'Veth
Blitzcrank
Brand
Braum
Briar
Caitlyn
Camille
Cassiopeia
Cho'Gath
Corki
Darius
Diana
Draven
Dr. Mundo
Ekko
Elise
Evelynn
Ezreal
Fiddlesticks
Fiora
Fizz
Galio
Gangplank
Garen
Gnar
Gragas
Graves
Gwen
Hecarim
Heimerdinger
Hwei
Illaoi
Irelia
Ivern
Janna
Jarvan IV
Jax
Jayce
Jhin
Jinx
 
Answer Stats
Answer % Correct
R Anivia
61%
W Amumu
55%
R around Tibbers Annie
37%
E Alistar
35%
Passive Brand
22%
Passive Briar
14%
Passive Darius
12%
E counts as DoT Bel'Veth
6%
W Dr. Mundo
2%
W Fizz
2%
Q Galio
2%
E Garen
0%
W Hecarim
0%
Melee W Jayce
0%
No matching quizzes found
Score Distribution
Percent of People with Each Score
Percentile by Number Answered
Your Score History
You have not taken this quiz